000 00553nam a2200181Ia 4500
003 GCL
008 140319s9999 xx 000 0 ara d
040 _aGCL /
_cGCL
082 0 4 _a252.1
_bح ف
100 1 _aحسن كامل الملطاوى
245 1 0 _aفقه العبادات على مذهب الامام مالك رضى الله عنه /
_cحسن كامل الملطاوى
300 _a379 ص
490 _a100 قصة
_v0
650 0 4 _aالاسلام
650 0 4 _aالفقه الاسلامى
650 0 4 _aالعبادات
942 _2ddc
_cBK
999 _c44237
_d44237